000
00269nam a22001217a 4500
082
_a
425
_b
SUK/O
100
_a
P.K, SUKUMARAN
245
_a
109 PROVERBS EXPANDED
260
_a
THRISSUR
_b
H&C PUBLISHING HOUSE
300
_a
80
650
_a
PROVERBS
_z
THRISSUR
942
_c
BK
999
_c
3808
_d
3808